| 000 | 01040nam a22003257a 4500 | ||
|---|---|---|---|
| 003 | CHAP | ||
| 005 | 20220329132938.0 | ||
| 008 | 971013s1989 r 00010 d | ||
| 010 | _a532 | ||
| 011 | _a1504 | ||
| 035 | _a680 | ||
| 040 | _cCHAP | ||
| 082 |
_a636.39 _bM3 |
||
| 100 | 0 | 0 |
_aMayén Mena, Javier. _973261 |
| 245 | _aExplotación caprina | ||
| 260 |
_aMèxico, D. F. : _bTrillas, _c1989 |
||
| 300 |
_a124 p. _b: ilus. |
||
| 500 | _a37-3 | ||
| 590 |
_aBATCH-UPD _b10 _c20130110 _lUCH01 _h1300 |
||
| 590 |
_aBATCH-UPD _b10 _c20130410 _lUCH01 _h0818 |
||
| 590 |
_aBATCH-UPD _b10 _c20130914 _lUCH01 _h1506 |
||
| 590 |
_aCONVERSION _b10 _c20130109 _lUCH01 _h1302 |
||
| 650 | 1 | 4 |
_aGanado cabrío _xCría de. _945001 |
| 650 | 1 | 4 |
_aGanado cabrío _xMéxico. _945027 |
| 901 | _aBK | ||
| 942 | _cLIBRO | ||
| 949 |
_a636.39 M3 _bBC _cLIBRO _d33724000113809 _eLIBRO _gI. c/e _h77324 _i680 _si _t11.00 |
||
| 949 |
_a636.39 M3 _bBC _cLIBRO _d33724000664553 _eLIBRO _fc.2 _gI. c/e _h77325 _i680 _si _t11.00 |
||
| 949 |
_bBC _cLIBRO _d33724000765681 _eLIBRO _fc.3 _i680 _si |
||
| 999 |
_c532 _d532 |
||